| 000 | 00717nam a2200301Ia 4500 | ||
|---|---|---|---|
| 005 | 20260401122345.0 | ||
| 008 | 008 250103s9999 xx 000 0 eng d | ||
| 020 | _a9781851969715 | ||
| 037 | _aTB | ||
| 040 | _aEDL | ||
| 040 | _beng | ||
| 040 | _cEDL | ||
| 041 | _2eng | ||
| 041 | _aeng | ||
| 084 | _a822.0523 HEA | ||
| 084 | _qEDL | ||
| 100 |
_aHeard, Elisabeth _91233346 |
||
| 245 | 0 | _aExperimentation on the English Stage, 1695-1708: Career of George Farquhar | |
| 245 | 0 | _cHeard, Elisabeth | |
| 260 | _aLondon | ||
| 260 | _bPickering & Chatto | ||
| 260 | _c2008 | ||
| 300 | _a170p | ||
| 942 | _cTB | ||
| 942 | _h822.0523 HEA | ||
| 999 |
_c1846750 _d1846750 |
||